01220 2200229 4500001002100000005001500021035002000036008004100056020001800097041000800115082001200123084001800135100001700153245006800170260004400238300003900282500001900321520057000340650002800910990002600938990002600964INLIS00000000000187020221107083214 a0010-0520001870221107 | | eng  a983-2631-17-3 aeng a346.595 a346.595 MAD c0 aMadieha, Ida1 aCopyright Law in Malaysia : Cases and Commentary /cIda Madieha aSelangor :bSweet & Maxwell Asia,c2004 axxxiii , 699 P. ; 25 cm. ;c25 cm. aIndeks : Index aDrawing on her expertise in this area, Dr Ida Madieha has carefully selected leading local and overseas cases on copyright law and presents copious commentaries to elucidate on the wide range of issues in this area of law. The commentaries which are enlightening, thought-provoking and insightful, assist the reader to have an in-depth and critical understanding of copyright law. This is a book not to be missed by intellectual property practitioners, students and in-house legal officers entrusted with the care of an organisation''s intellectual property rights. 4a1. Copyright - Malaysia a06769/MKRI-P/XII-2007 a06769/MKRI-P/XII-2007